000 00191nam a22000857a 4500
003 SGT
245 _aINDIAN JOURNAL OF UROLOGY
260 _aINDIA
_bWOLTERS KLUWER
_c2018 TO 2021
942 _2ddc
_cBV
999 _c24433
_d24433